| 000 | nam a22 7a 4500 | ||
|---|---|---|---|
| 999 |
_c57349 _d57349 |
||
| 005 | 20201007154120.0 | ||
| 008 | 201007b xxu||||| |||| 00| 0 eng d | ||
| 040 | _aANE | ||
| 041 | _aEs | ||
| 245 | _aEstudio introductorio | ||
| 260 | _c2014 | ||
| 300 | _a14 p. | ||
| 856 | _uhttp://documentacion.asambleanacional.gob.ec/alfresco/d/d/workspace/SpacesStore/0fca1529-2405-45a0-a70d-b775ab76a661/Estudio%20introductorio | ||
| 942 |
_2ddc _cBV _zNr. |
||